India migration report 2013: social costs of migration (Record no. 8304)
[ view plain ]
| 000 -LEADER | |
|---|---|
| fixed length control field | 00463nam a2200169Ia 4500 |
| 020 ## - INTERNATIONAL STANDARD BOOK NUMBER | |
| ISBN | 9780415828536 |
| 082 ## - DEWEY DECIMAL CLASSIFICATION NUMBER | |
| Classification number | 304.80954 IND; |
| 245 #0 - TITLE STATEMENT | |
| Title | India migration report 2013: social costs of migration |
| 260 ## - PUBLICATION, DISTRIBUTION, ETC. (IMPRINT) | |
| Place of publication | New Delhi |
| Name of publisher | Routledge |
| Year of publication | 2013 |
| 300 ## - PHYSICAL DESCRIPTION | |
| Number of Pages | xxi, 339 |
| 440 ## - SERIES STATEMENT/ADDED ENTRY--TITLE | |
| Title | India migration report series |
| 650 ## - SUBJECT ADDED ENTRY--TOPICAL TERM | |
| Topical Term | MIGRATION, INTERNAL |
| 650 ## - SUBJECT ADDED ENTRY--TOPICAL TERM | |
| Topical Term | SEX DIFFERENCES |
| 650 ## - SUBJECT ADDED ENTRY--TOPICAL TERM | |
| Topical Term | EMIGRATION AND IMMIGRATION |
| 700 ## - ADDED ENTRY--PERSONAL NAME | |
| Personal name | Rajan, S. Irudaya |
| 942 ## - ADDED ENTRY ELEMENTS (KOHA) | |
| Koha item type | Books |
| Withdrawn status | Lost status | Damaged status | Not for loan | Home library | Current library | Date acquired | Source of acquisition | Bill Date | Full call number | Accession Number | Price effective from | Koha item type |
|---|---|---|---|---|---|---|---|---|---|---|---|---|
| NASSDOC Library | NASSDOC Library | 31/03/2014 | Gifted by : Author | 2014-03-12 | 304.80954 IND; | 48435 | 18/04/2019 | Books |
